Modelación y sociedad /
El artículo desarrolla el modelo matemát6ico multicriterial para la selección de fuentes de energías para una población rural y se comparan resultados con modelos tradicionales de mejoramiento que persiguen un fin único. Entre los objetivos del modelo multicriterial planteado se encuentran los produ...
Zapisane w:
| 1. autor: | |
|---|---|
| Kolejni autorzy: | |
| Format: | Texto |
| Hasła przedmiotowe: | |
| Etykiety: |
Dodaj etykietę
Nie ma etykietki, Dołącz pierwszą etykiete!
|
MARC
| LEADER | 00000 a a2200000 04500 | ||
|---|---|---|---|
| 001 | 42504 | ||
| 003 | |||
| 040 | |||
| 100 | |a Cortés Cortés, Manuel E | ||
| 245 | |a Modelación y sociedad / |c Manuel E Cortés Cortés ; Aníbal E Barroto Nordelo | ||
| 520 | |a El artículo desarrolla el modelo matemát6ico multicriterial para la selección de fuentes de energías para una población rural y se comparan resultados con modelos tradicionales de mejoramiento que persiguen un fin único. Entre los objetivos del modelo multicriterial planteado se encuentran los productivos, los económicos, los sociales y los ecológicos. Se presentan una aplicación de un modelo multicriterial en la selección de energía en un caso de estudio de una población rural | ||
| 650 | |a FUENTES DE ENERGIA | ||
| 650 | |a GENERACION DE ENERGIA | ||
| 650 | |a MODELOS MATEMATICOS | ||
| 700 | |a Barroto Nordelo, Aníbal E | ||
| 773 | |g volumen39, número154 ( , 2008), páginas 183-197 | ||
| 999 | |c 28408 |d 28408 | ||
